| 000 | 00608nam a2200205 4500 | ||
|---|---|---|---|
| 001 | 107452 | ||
| 003 | ES-MaACL | ||
| 005 | 20230906184426.0 | ||
| 007 | t| | ||
| 008 | 061121s1964 sp r ||||1| gao d | ||
| 100 | 1 |
_aMorris, Anne Marie. _983666 |
|
| 245 | 1 | 0 |
_aVoz fuxitiva / _cAnne Marie Morris; prólogo de Ernesto Guerra da Cal. |
| 260 |
_aVigo : _bSalnés, _c1964. |
||
| 300 |
_a143 p. ; _c20 cm. |
||
| 490 | 1 |
_aPoesía gallega ; _v17 |
|
| 700 | 1 |
_aGuerra da Cal, Ernesto. _960509 |
|
| 830 | 0 |
_aPoesía gallega ; _v17 _9232899 |
|
| 852 |
_aES-MaACL _jC-26889 _bR.55866 |
||
| 999 |
_c107452 _d107452 |
||